Administration : (Record no. 347503)
[ view plain ]
| 000 -LEADER | |
|---|---|
| fixed length control field | 01332 a2200181 4500 |
| 020 ## - INTERNATIONAL STANDARD BOOK NUMBER | |
| International Standard Book Number | 0273606182 (paperback) |
| 020 ## - INTERNATIONAL STANDARD BOOK NUMBER | |
| International Standard Book Number | 9780273606185 (paperback) |
| 090 ## - LOCALLY ASSIGNED LC-TYPE CALL NUMBER (OCLC); LOCAL CALL NUMBER (RLIN) | |
| -- | 5081 |
| -- | 5081 |
| 100 1# - MAIN ENTRY--PERSONAL NAME | |
| Personal name | Bourne, Lynda. |
| 245 10 - TITLE STATEMENT | |
| Title | Administration : |
| Remainder of title | nvq level 1 / |
| Statement of responsibility, etc. | Lynda Bourne, Pam Scott. |
| 250 ## - EDITION STATEMENT | |
| Edition statement | 2nd ed. |
| 260 ## - PUBLICATION, DISTRIBUTION, ETC. | |
| Place of publication, distribution, etc. | [S.l.] : |
| Name of publisher, distributor, etc. | Financial Times Prentice Hall, |
| Date of publication, distribution, etc. | 1994. |
| 300 ## - PHYSICAL DESCRIPTION | |
| Extent | 240 p. |
| 520 ## - SUMMARY, ETC. | |
| Summary, etc. | This text contains up-to-date information on office technology and hints on coping with a range of office tasks, all based on practical experience. It provides office-style individual and group activities which aim to prepare students for attaining the NVQ qualification. Each unit ends with review questions and answers for students to check their progress. Many individual and group practical activities are also provided, offering preparation for the awards. The activities aim to bring the real world of work to the training office or classroom. The books tell students how things are really done in an office and what will be expected of them. Focus is on the acquisition of underpinning theoretical knowledge as well as the development of competence-based practical skills. |
| 700 1# - ADDED ENTRY--PERSONAL NAME | |
| Personal name | Scott, Pam. |
| 856 40 - ELECTRONIC LOCATION AND ACCESS | |
| Materials specified | Amazon.com |
| Uniform Resource Identifier | <a href="http://www.amazon.com/exec/obidos/ASIN/0273606182/chopaconline-20">http://www.amazon.com/exec/obidos/ASIN/0273606182/chopaconline-20</a> |
| 942 ## - ADDED ENTRY ELEMENTS (KOHA) | |
| Institution code [OBSOLETE] | NBS |
| Koha item type | Book |
| Call number prefix | 658 BOU |
| Withdrawn status | Lost status | Damaged status | Not for loan | Permanent Location | Current Location | Date acquired | Total Checkouts | Full call number | Barcode | Date last seen | Price effective from | Koha item type |
|---|---|---|---|---|---|---|---|---|---|---|---|---|
| Central Library (CL) | Central Library (CL) | 08/28/2013 | 658 BOU | NBS108 | 08/28/2013 | 08/28/2013 | Book |
